Aguacates Juan : (Registro nro. 14823)

Detalles MARC
000 -LIDER
fixed length control field 01121nam a2200349 a 4500
001 - NÚMERO DE CONTROL
Identificador de número de control 000049079
003 - IDENTIFICACDOR DE NÚMERO DE CONTROL
control field DO-SdBPM
005 - DATE AND TIME OF LATEST TRANSACTION
control field 20241008133823.0
008 - ELEMENTOS DE LONGITUD FIJA
fixed length control field 090709t2008 dr 001 0 spa d
020 ## - ISBN
International Standard Book Number 9789993456193
040 ## - FUENTE DE CATALOGACIÓN
Agencia que crea de manera original el registro DO-SdBNP
Idioma de catalogación spa
Agencia que realiza la transcripción BPMSU
082 #4 - NÚMERO DE CLASIFICACIÓN DECIMAL DE DEWEY
Classification number RD863.5
Item number V632a 2008
Edition number 2008
100 1# - ASIENTO PRINCIPAL -- NOMBRE PERSONAL
Nombre personal Vicens, Lorenzo
245 10 - MENCIÓN DE TITULO
Título Aguacates Juan :
Subtítulo cómo iniciar y triunfar en los negocios /
Mención de responsabilidad Lorenzo Vicens ; prólogo Melvin Peña ; coordinación editorial Bismar Galán.
246 12 - VARIACION DEL TÍTULO
Institución que aplica el campo Aguacates Juan
250 ## - MENCIÓN DE EDICION
Mención de edición 2ª. ed.,
260 ## - PUBLICACIÓN, DISTRIBUCIÓN, ETC. (PIE DE IMPRENTA)
Lugar de publicación, distribución, etc Santo Domingo :
Nombre del editor, distribuidor, etc. Grupo Norma,
Fecha de publicación, distribución, etc 2008
300 ## - DESCRIPCIÓN FÍSICA
Extensión 206 p. ;
Dimensiones 23 cm.
590 ## - NOTA LOCAL
Texto de la nota local Inventariado, 2024/VM
650 #4 - ENCABEZAMIENTO DE MATERIA--TEMÁTICO
Término temático o nombre geográfico como elemento de entrada Novela dominicana
650 #4 - ENCABEZAMIENTO DE MATERIA--TEMÁTICO
Término temático o nombre geográfico como elemento de entrada Literatura dominicana.
650 #4 - ENCABEZAMIENTO DE MATERIA--TEMÁTICO
Término temático o nombre geográfico como elemento de entrada Aptitud creadora en los negocios
Subdivisión temática general Novela
650 #4 - ENCABEZAMIENTO DE MATERIA--TEMÁTICO
Término temático o nombre geográfico como elemento de entrada Microempresas
Subdivisión temática general Novela
650 #4 - ENCABEZAMIENTO DE MATERIA--TEMÁTICO
Término temático o nombre geográfico como elemento de entrada Crecimiento personal
Subdivisión temática general Novela
650 z# - ENCABEZAMIENTO DE MATERIA--TEMÁTICO
Término temático o nombre geográfico como elemento de entrada Dominican fictions
650 z# - ENCABEZAMIENTO DE MATERIA--TEMÁTICO
Término temático o nombre geográfico como elemento de entrada Dominican literature
700 1# - ASIENTO SECUNDARIO -- NOMBRE PERSONAL
Nombre personal Peña, Melvin,
Mención de responsabilidad pról.
700 12 - ASIENTO SECUNDARIO -- NOMBRE PERSONAL
Nombre personal Galán, Bismar,
Fechas asociadas con el nombre 1961-
Mención de responsabilidad ed.
700 z# - ASIENTO SECUNDARIO -- NOMBRE PERSONAL
Nombre personal Galán, B.
910 ## - VALIDACIÓN
Validación VMateo V. Control de calidad. BPMSU
942 ## - ADDED ENTRY ELEMENTS (KOHA)
Source of classification or shelving scheme Dewey Decimal Classification
Koha item type Libros
Existencias
Withdrawn status Lost status Source of classification or shelving scheme Damaged status Not for loan Collection code Home library Current library Date acquired Total Checkouts Full call number Barcode Date last seen Price effective from Koha item type
    Dewey Decimal Classification     Colección Dominicana Biblioteca Pública Metropolitana Salomé Ureña Biblioteca Pública Metropolitana Salomé Ureña 10/08/2024   BPMSU CD RD863.5 V632a 2008 BPMSU24100013 10/08/2024 10/08/2024 Libros